| 000 | 00426nam a2200181Ia 4500 | ||
|---|---|---|---|
| 008 | 210210b1955 xxu||||| |||| 00| 0 eng d | ||
| 041 | _aeng | ||
| 082 | _a425/223 | ||
| 100 | _aPALMER (L R) | ||
| 245 | _aAchaeans and Indo Europeans | ||
| 260 |
_aOxford _bAt the Clarendon Press _c1955 |
||
| 650 | _aIndo | ||
| 650 | _aEuropeans | ||
| 650 | _aand | ||
| 650 | _aAchaeans | ||
| 690 | _aEnglish Grammar | ||
| 906 | _a005999 | ||
| 999 |
_c129058 _d129058 |
||